The Oxford handbook of modern African history / (Record no. 26447)
[ view plain ]
| 000 -LEADER | |
|---|---|
| fixed length control field | 03296cam a2200445 i 4500 |
| 001 - CONTROL NUMBER | |
| control field | 17751266 |
| 003 - CONTROL NUMBER IDENTIFIER | |
| control field | EG-ScBUE |
| 005 - DATE AND TIME OF LATEST TRANSACTION | |
| control field | 20240626115158.0 |
| 008 - FIXED-LENGTH DATA ELEMENTS--GENERAL INFORMATION | |
| fixed length control field | 130524s2013 enkb f b 001 0 eng d |
| 020 ## - INTERNATIONAL STANDARD BOOK NUMBER | |
| International Standard Book Number | 019957247X |
| 020 ## - INTERNATIONAL STANDARD BOOK NUMBER | |
| Cancelled/invalid ISBN | 9780199572472 |
| 035 ## - SYSTEM CONTROL NUMBER | |
| System control number | (OCoLC)ocn830367864 |
| 040 ## - CATALOGING SOURCE | |
| Original cataloging agency | YDXCP |
| Language of cataloging | eng |
| Description conventions | rda |
| Transcribing agency | YDXCP |
| Modifying agency | BTCTA |
| -- | UKMGB |
| -- | BDX |
| -- | XFF |
| -- | CUD |
| -- | PMC |
| -- | PBU |
| -- | ERASA |
| -- | NLGGC |
| -- | LML |
| -- | OCLCA |
| -- | DLC |
| -- | EG-ScBUE |
| 043 ## - GEOGRAPHIC AREA CODE | |
| Geographic area code | f------ |
| 082 04 - DEWEY DECIMAL CLASSIFICATION NUMBER | |
| Classification number | 960 |
| Item number | OXF |
| Edition number | 22 |
| 245 04 - TITLE STATEMENT | |
| Title | The Oxford handbook of modern African history / |
| Statement of responsibility, etc | edited by John Parker and Richard Reid. |
| 246 30 - VARYING FORM OF TITLE | |
| Title proper/short title | Modern African history |
| 250 ## - EDITION STATEMENT | |
| Edition statement | First edition. |
| 264 #1 - PUBLICATION, DISTRIBUTION, ETC. (IMPRINT) | |
| Place of publication, distribution, etc | Oxford : |
| Name of publisher, distributor, etc | Oxford University Press, |
| Date of publication, distribution, etc | 2013. |
| 300 ## - PHYSICAL DESCRIPTION | |
| Extent | xxii, 536 pages : |
| Other physical details | maps ; |
| Dimensions | 26 cm |
| 336 ## - CONTENT TYPE | |
| Source | rdacontent |
| Content type term | text |
| Content type code | txt |
| 337 ## - MEDIA TYPE | |
| Media type term | unmediated |
| Source | rdamedia |
| Media type code | n |
| 338 ## - CARRIER TYPE | |
| Carrier type term | volume |
| Carrier type code | nc |
| Source | rdacarrier |
| 504 ## - BIBLIOGRAPHY, ETC. NOTE | |
| Bibliography, etc | Includes bibliographical references and index. |
| 505 0# - FORMATTED CONTENTS NOTE | |
| Formatted contents note | Introduction : African histories : past, present, and future / Richard Reid and John Parker -- Key themes in African history. Ecology and environment / James McCann ; Demography and disease / Shane Doyle ; African slave trades in global perspective / Pier M. Larson ; States and statelessness / Walter Hawthorne ; Ethnicity and identity / Richard Waller ; Warfare and the military / Richard Reid ; The African diaspora / John Parker -- The colonial encounter. African colonial states / Heather J. Sharkey ; Law, crime, and punishment in colonial Africa / Richard Roberts ; Work and migration / Emily Lynn Osborn ; Chieftaincy / Justin Willis ; Between the present and history : African nationalism and decolonization / Jean Allman -- Religion and belief. Islam / Marie Miran-Guyon and Jean-Louis Triaud ; Christianity / David Maxwell ; Indigenous African religions / Robert M. Baum ; New religious movements / Sean Hanretta -- Society and economy. Education and literacy / Carol Summers ; Women and gender / Barbara M. Cooper ; Urbanization and urban cultures / John Parker ; Health and healing / Nancy Rose Hunt ; Youth / Nicolas Argenti and Deborah Durham ; Economic growth / Morten Jerven -- Arts and the media. Visual cultures / Sidney Littlefield Kasfir ; Music in modern African history / Viet Erlmann ; African literary histories and history in African literatures / Stephanie Newell ; Communications and media in African history / James R. Brennan. |
| 520 2# - SUMMARY, ETC. | |
| Summary, etc | "This collection of essays ... will allow readers to explore various aspects ... of the continent's history over the last two hundred years."--Book jacket. |
| 650 ## - SUBJECT ADDED ENTRY--TOPICAL TERM | |
| Source of heading or term | BUEsh |
| 651 #7 - SUBJECT ADDED ENTRY--GEOGRAPHIC NAME | |
| Geographic name | Africa |
| General subdivision | History |
| Chronological subdivision | 1801-1884. |
| Source of heading or term | BUEsh |
| 651 #7 - SUBJECT ADDED ENTRY--GEOGRAPHIC NAME | |
| Geographic name | Africa |
| General subdivision | History |
| Chronological subdivision | 1884-1945. |
| Source of heading or term | BUEsh |
| 651 #7 - SUBJECT ADDED ENTRY--GEOGRAPHIC NAME | |
| Geographic name | Africa |
| General subdivision | History |
| Chronological subdivision | 1945-1960. |
| Source of heading or term | BUEsh |
| 651 #7 - SUBJECT ADDED ENTRY--GEOGRAPHIC NAME | |
| Geographic name | Africa |
| General subdivision | History |
| Chronological subdivision | 1960- |
| Source of heading or term | BUEsh |
| 653 ## - INDEX TERM--UNCONTROLLED | |
| Resource For college | BAEPS, Political Science |
| Arrived date list | April2018 |
| 655 ## - INDEX TERM--GENRE/FORM | |
| Form subdivision | Text book |
| 9 (RLIN) | 33728 |
| 700 1# - ADDED ENTRY--PERSONAL NAME | |
| Personal name | Parker, John, |
| Dates associated with a name | 1960-, |
| Relator term | editor. |
| 700 1# - ADDED ENTRY--PERSONAL NAME | |
| Personal name | Reid, Richard J. |
| Fuller form of name | (Richard James), |
| Relator term | editor. |
| 856 42 - ELECTRONIC LOCATION AND ACCESS | |
| Materials specified | Contributor biographical information |
| Uniform Resource Identifier | <a href="http://www.loc.gov/catdir/enhancements/fy1410/2013941224-b.html">http://www.loc.gov/catdir/enhancements/fy1410/2013941224-b.html</a> |
| 856 42 - ELECTRONIC LOCATION AND ACCESS | |
| Materials specified | Publisher description |
| Uniform Resource Identifier | <a href="http://www.loc.gov/catdir/enhancements/fy1410/2013941224-d.html">http://www.loc.gov/catdir/enhancements/fy1410/2013941224-d.html</a> |
| 856 41 - ELECTRONIC LOCATION AND ACCESS | |
| Materials specified | Table of contents only |
| Uniform Resource Identifier | <a href="http://www.loc.gov/catdir/enhancements/fy1410/2013941224-t.html">http://www.loc.gov/catdir/enhancements/fy1410/2013941224-t.html</a> |
| 942 ## - ADDED ENTRY ELEMENTS (KOHA) | |
| Source of classification or shelving scheme | Dewey Decimal Classification |
| Koha item type | Book - Borrowing |
| Withdrawn status | Lost status | Source of classification or shelving scheme | Damaged status | Not for loan | Collection code | Home library | Current library | Shelving location | Date acquired | Source of acquisition | Total Checkouts | Full call number | Barcode | Date last seen | Price effective from | Koha item type | Date checked out |
|---|---|---|---|---|---|---|---|---|---|---|---|---|---|---|---|---|---|
| Dewey Decimal Classification | Baccah | Central Library | Central Library | Second Floor | 01/04/2018 | Purchase | 960 OXF | 000043131 | 15/07/2025 | 01/04/2018 | NB - Book (Non borrowing) | ||||||
| Dewey Decimal Classification | Baccah | Central Library | Central Library | Second Floor | 01/04/2018 | Purchase | 1 | 960 OXF | 000043132 | 15/07/2025 | 01/04/2018 | Book - Borrowing | 09/07/2023 | ||||
| Dewey Decimal Classification | Baccah | Central Library | Central Library | Second Floor | 01/04/2018 | Purchase | 960 OXF | 000043133 | 15/07/2025 | 01/04/2018 | Book - Borrowing |